España (Record no. 127030)

MARC details
000 -LEADER
campo de control de longitud fija 00710nam a2200205 i 4500
001 - NÚMERO DE CONTROL
campo de control 127030
003 - IDENTIFICADOR DE NÚMERO DE CONTROL
campo de control ES-MaACL
005 - FECHA Y HORA DE LA ÚLTIMA TRANSACCIÓN
campo de control 20230906192929.0
007 - CAMPO FIJO DE DESCRIPCIÓN FÍSICA--INFORMACIÓN GENERAL
campo de control de longitud fija t|
008 - DATOS DE LONGITUD FIJA--INFORMACIÓN GENERAL
campo de control de longitud fija 070214s1969 sp |||| | spa d
080 ## - NÚMERO DE LA CLASIFICACIÓN DECIMAL UNIVERSAL
Número de la Clasificación Decimal Universal 821.134.2-1.09"19"
080 ## - NÚMERO DE LA CLASIFICACIÓN DECIMAL UNIVERSAL
Número de la Clasificación Decimal Universal 821.134.2-2.09"19"
100 1# - ENTRADA PRINCIPAL--NOMBRE DE PERSONA
Nombre de persona Rey Urbez, Guillermo.
9 (RLIN) 96545
245 10 - MENCIÓN DEL TÍTULO
Título España
Resto del título : poesía y teatro contemporáneos.
Número de parte o sección de la obra I parte,
Nombre de parte o sección de la obra 1936-1960 /
Mención de responsabilidad, etc. Guillermo Rey Urbez.
260 ## - PUBLICACIÓN, DISTRIBUCIÓN, ETC.
Lugar de publicación, distribución, etc. Zaragoza :
Nombre del editor, distribuidor, etc. [s.n.],
Fecha de publicación, distribución, etc. 1969 (
Fabricante Tall. La Editorial)
300 ## - DESCRIPCIÓN FÍSICA
Extensión 106 p. ;
Dimensiones 25 cm.
650 04 - PUNTO DE ACCESO ADICIONAL DE MATERIA--TÉRMINO DE MATERIA
Término de materia o nombre geográfico como elemento de entrada Poesía española-
Subdivisión cronológica S.XX-
Subdivisión general Historia y crítica.
9 (RLIN) 16167
650 #4 - PUNTO DE ACCESO ADICIONAL DE MATERIA--TÉRMINO DE MATERIA
Término de materia o nombre geográfico como elemento de entrada Teatro español-
Subdivisión cronológica S.XX-
Subdivisión general Historia y crítica.
9 (RLIN) 17361
852 ## - LOCALIZACIÓN
Ubicación ES-MaACL
Número de control de estantería 2272-F-12
Encuadernación Olim P-1645
Holdings
Estatus retirado Estado de pérdida Estado de daño No para préstamo Colección Biblioteca de origen Biblioteca actual Ubicación en estantería Fecha de adquisición Fuente de adquisición Total de préstamos Signatura topográfica completa Código de barras Visto por última vez Precio de reemplazo Tipo de ítem Koha
        Colección de folletos Biblioteca del Ateneo de Madrid Biblioteca del Ateneo de Madrid Depósito folletos 09/12/2010     2272-F-12 1184824 23/02/2023 23/02/2023 Folleto